Výpočet hodnoty CVaR a jej aplikácia v neživotnom poistení bakalárska práca

Salvato in:
Dettagli Bibliografici
Autore principale: Rajský, Matúš
Ente Autore: Fakulta hospodárskej informatiky EU. Katedra matematiky
Altri autori: Horáková, Galina
Natura: Libro
Lingua:slovacco
Pubblicazione: Bratislava 2012
Tags: Aggiungi Tag
Nessun Tag, puoi essere il primo ad aggiungerne!!

MARC

LEADER 00000nbm a2200000 4500
001 0156212
005 20161109111945.5
041 0 |a slo 
044 |a SK 
245 1 0 |a Výpočet hodnoty CVaR a jej aplikácia v neživotnom poistení  |b bakalárska práca  |c Matúš Rajský ; školiteľ: Galina Horáková 
264 1 |a Bratislava  |c 2012 
300 |a 42 s. 
100 1 |a Rajský, Matúš 
700 1 |a Horáková, Galina 
710 2 |a Fakulta hospodárskej informatiky EU. Katedra matematiky